Atti dei convegni lincei Fare Storia Antica in Ricordo di Domenico Musti
সংরক্ষণ করুন:
| বিন্যাস: | গ্রন্থ |
|---|---|
| ভাষা: | ইতালিয় |
| প্রকাশিত: |
Roma
Scienze e Lettere Editore Commerciale
2014
|
| সংস্করন: | 1a. ed |
| বিষয়গুলি: | |
| ট্যাগগুলো: |
ট্যাগ যুক্ত করুন
কোনো ট্যাগ নেই, প্রথমজন হিসাবে ট্যাগ করুন!
|
MARC
| LEADER | 00000cam a2200000 a 4500 | ||
|---|---|---|---|
| 001 | UCD9137 | ||
| 003 | CL-VaPUC | ||
| 005 | 20211020074459.0 | ||
| 008 | 170602e20140000it 1 ita d | ||
| 020 | |a 9788821811029 | ||
| 082 | 0 | 4 | |a 938 |b ATT |2 21 |
| 245 | 1 | 0 | |a Atti dei convegni lincei Fare Storia Antica in Ricordo di Domenico Musti |
| 250 | |a 1a. ed | ||
| 260 | |a Roma |b Scienze e Lettere Editore Commerciale |c 2014 | ||
| 300 | |a 262 p | ||
| 583 | |a last modification |c 20190909 10:04:44 |k Rodrigo Vera | ||
| 650 | 0 | 0 | |a Historia antigua |9 267521 |
| 650 | 0 | 0 | |a Civilizaciones antiguas |9 265998 |
| 942 | |c BK | ||
| 945 | |a arojas |d 20170602 23:29:00 | ||
| 546 | |a En Italiano | ||
| 536 | |a Accademia Nazionale dei Lincei | ||
| 518 | |p Convegno Storia Antica in Ricordo di Domenico Musti, 284, Roma, 18-19 aprile 2012 | ||
| 999 | |c 384885 |d 384883 | ||
| 952 | |0 0 |1 0 |3 erb |4 0 |6 938_000000000000000_ATT_2014 |7 0 |8 A |9 507888 |a FDOLAF |b BIBHIS |e Laffi, Umberto |i 5394813 |l 1 |m 2 |o 938 ATT 2014 |p 5394813 |r 2025-01-22 |s 2024-09-09 |w 2020-01-23 |y BK |z Catalogado en:20170602 |k LAF | ||